MARC

LEADER 00000nam0a2200000 4500
001 170799
005 20231031163811.0
035 |a (RuTPU)RU\TPU\book\185206 
090 |a 170799 
100 |a 20091126d1974 k y0rusy50 ca 
101 1 |a rus  |c eng 
102 |a RU 
105 |a y z 000zy 
200 1 |a Заграничная служба США  |f У. У. Бланке 
210 |a Москва  |c Прогресс  |d 1974 
215 |a 320 с. 
610 1 |a США 
610 1 |a дипломатия 
610 1 |a дипломаты 
610 1 |a послы 
610 1 |a консульство 
610 1 |a заграничная служба 
610 1 |a кадры 
610 1 |a центральный аппарат 
610 1 |a конгрессы 
675 |a 9:327.2  |v 3 
700 1 |a Бланке  |b У. У.  |g У. Уэнделл 
801 1 |a RU  |b 63413507  |c 20091126 
801 2 |a RU  |b 63413507  |c 20100426  |g RCR 
942 |c BK